Score 0/25 Timer 10:00
0 Plays Today
Hint Answer % Correct
How many quarters are in $3.75?15
95.2%
Which continent has the highest population?Asia
90.5%
How would I write the number 14 in Roman numerals?XIV
81%
Vermilion is a shade of which colour?Red
71.4%
Which landlocked country is bordered by France, Germany, Austria, Italy and Liechtenstein?Switzerland
66.7%
What nickname refers to the pirate Edward Teach?Blackbeard
66.7%
The ending of the word “kindly” denotes what part of speech?Adverb
66.7%
What term is used to describe land that stays frozen for at least two years?Permafrost
61.9%
At 59 square kilometres, what borough in New York City is the smallest in size?Manhattan
57.1%
Name the smallest breed of dog.Chihuahua
52.4%
What nerve connects the eye to the brain?Optic
47.6%
For which Canadian paper did Ernest Hemingway once write?The Star
42.9%
Made predominantly from jute, what coarse fabric has been used to tote coffee beans since the 18th century?Burlap
33.3%
Hint Answer % Correct
Whose number 9 was retired by the Detroit Red Wings?Gordie Howe
28.6%
If someone is “tatting” what are they making?Lace
28.6%
Whose plays include “The Glass Menagerie,” “A Streetcar Named Desire” and “Cat on a Hot Tin Roof”?Tennessee Williams
23.8%
Milan is the home of which of Leonardo da Vinci’s major works?The Last Supper
14.3%
Who was the first prime minister of India?JAWAHARLAL NEHRU
14.3%
What sport features picadors, banderillos and a muleta?Bull Fighting
14.3%
What is the name given to the branch of medicine associated with disorders of the blood?Hematology
14.3%
What is the highest mountain in the United Kingdom?Ben Nevis
9.5%
Which French painter developed pointillism?Seurat
9.5%
What Philadelphia teen idol’s biggest hit was the song “Venus” recorded in 1959?Frankie Avalon
4.8%
What is the largest prime number whose square is smaller than 100?7
4.8%
What is a group of monkeys called?Troop
4.8%
Remove Ads.
Support Sporcle.
Get the best of Sporcle when you Go Orange. This ad-free experience offers more features, more stats, and more fun while also helping to support Sporcle. Thank you for becoming a member.

You're not logged in!

Compare scores with friends on all Sporcle quizzes.
OR
Log In

Show Comments

Extras

Created Sep 3, 2017ReportNominate
Tags:Intermediate, practice, reach, score

Top Quizzes Today


Score Distribution

Your Account Isn't Verified!

In order to create a playlist on Sporcle, you need to verify the email address you used during registration. Go to your Sporcle Settings to finish the process.

Report this User

Report this user for behavior that violates our Community Guidelines.

Details: